Important documents on security and diplomacy / (Record no. 15552)

000 -LEADER
fixed length control field 01230cam a2200337 a 4500
001 - CONTROL NUMBER
control field 14291131
005 - DATE AND TIME OF LATEST TRANSACTION
control field 20170105102920.0
008 - FIXED-LENGTH DATA ELEMENTS--GENERAL INFORMATION
fixed length control field 060308s2005 ii f001 0 eng
010 ## - LIBRARY OF CONGRESS CONTROL NUMBER
LC control number 2006346303
020 ## - INTERNATIONAL STANDARD BOOK NUMBER
International Standard Book Number 8170492483
025 ## - OVERSEAS ACQUISITION NUMBER
Overseas acquisition number I-E-2006-346303; 63-91; 63-01
037 ## - SOURCE OF ACQUISITION
Source of stock number/acquisition Library of Congress -- New Delhi Overseas Office
Terms of availability Rs995.00
040 ## - CATALOGING SOURCE
Original cataloging agency DLC
Transcribing agency DLC
042 ## - AUTHENTICATION CODE
Authentication code lcode
043 ## - GEOGRAPHIC AREA CODE
Geographic area code a-ii---
050 00 - LIBRARY OF CONGRESS CALL NUMBER
Classification number DS444
Item number .I45 2005
245 00 - TITLE STATEMENT
Title Important documents on security and diplomacy /
Statement of responsibility, etc. edited by Arvind Gupta, Mukul Chaturvedi and Akshay Joshi.
260 ## - PUBLICATION, DISTRIBUTION, ETC.
Place of publication, distribution, etc. New Delhi :
Name of publisher, distributor, etc. Manas Publications published in collaboration with National Security Council Secretariat,
Date of publication, distribution, etc. c2005.
300 ## - PHYSICAL DESCRIPTION
Extent 518 p. ;
Dimensions 25 cm.
500 ## - GENERAL NOTE
General note Inlcudes index.
520 ## - SUMMARY, ETC.
Summary, etc. Sources on foreign relations, national security, and diplomacy.
650 #0 - SUBJECT ADDED ENTRY--TOPICAL TERM
Topical term or geographic name entry element National security
Geographic subdivision India
Form subdivision Sources.
651 #0 - SUBJECT ADDED ENTRY--GEOGRAPHIC NAME
Geographic name India
General subdivision Foreign relations
Chronological subdivision 1984-
Form subdivision Sources.
700 1# - ADDED ENTRY--PERSONAL NAME
Personal name Gupta, Arvind,
Dates associated with a name 1953-
700 1# - ADDED ENTRY--PERSONAL NAME
Personal name Chaturvedi, Mukul.
700 1# - ADDED ENTRY--PERSONAL NAME
Personal name Joshi, Akshay.
710 1# - ADDED ENTRY--CORPORATE NAME
Corporate name or jurisdiction name as entry element India.
Subordinate unit National Security Council Secretariat.
906 ## - LOCAL DATA ELEMENT F, LDF (RLIN)
a 7
b cbc
c origode
d 3
e ncip
f 20
g y-gencatlg
942 ## - ADDED ENTRY ELEMENTS (KOHA)
Source of classification or shelving scheme
Koha item type Book
Holdings
Withdrawn status Lost status Damaged status Not for loan Collection code Permanent Location Current Location Shelving location Date acquired Total Checkouts Full call number Barcode Date last seen Date last checked out Price effective from Koha item type
          Centre for International Peace & Stability (CIPS) Centre for International Peace & Stability (CIPS) General Stacks 10/01/2013 1 327.54 IMP 2005 CIPS0001311 07/15/2025 07/09/2025 12/04/2013 Book
© 2023 Central Library, National University of Sciences and Technology. All Rights Reserved.